<?xml version="1.0" encoding="UTF-8"?>
<record
    xmlns:xsi="http://www.w3.org/2001/XMLSchema-instance"
    xsi:schemaLocation="http://www.loc.gov/MARC21/slim http://www.loc.gov/standards/marcxml/schema/MARC21slim.xsd"
    xmlns="http://www.loc.gov/MARC21/slim">

  <leader>02069nam a2200265   4500</leader>
  <controlfield tag="001">114289</controlfield>
  <controlfield tag="003">DR-UNIBE</controlfield>
  <controlfield tag="005">20260109120610.0</controlfield>
  <controlfield tag="008">260109b2025    sp ||||| |||| 00| 0 spa d</controlfield>
  <datafield tag="020" ind1=" " ind2=" ">
    <subfield code="a">9791254990537</subfield>
  </datafield>
  <datafield tag="040" ind1=" " ind2=" ">
    <subfield code="a">BIBLIOTECA UNIBE</subfield>
    <subfield code="c">BIBLIOTECA UNIBE</subfield>
    <subfield code="e">rda</subfield>
  </datafield>
  <datafield tag="041" ind1=" " ind2=" ">
    <subfield code="a">spa</subfield>
    <subfield code="h">eng</subfield>
  </datafield>
  <datafield tag="082" ind1=" " ind2=" ">
    <subfield code="a">650.1  G585a</subfield>
  </datafield>
  <datafield tag="100" ind1="1" ind2=" ">
    <subfield code="a">Godin, Seth, </subfield>
    <subfield code="d">1960-</subfield>
    <subfield code="e">autor</subfield>
    <subfield code="9">177495</subfield>
  </datafield>
  <datafield tag="245" ind1="1" ind2="3">
    <subfield code="a">Aqu&#xED; est&#xE1; la estrategia :</subfield>
    <subfield code="b"> pensar y construir el futuro /</subfield>
    <subfield code="c">Seth Godin</subfield>
  </datafield>
  <datafield tag="260" ind1=" " ind2=" ">
    <subfield code="a">[Lugar de publicaci&#xF3;n no identificado] :</subfield>
    <subfield code="b">Hoepli Ediciones, </subfield>
    <subfield code="c">2025</subfield>
  </datafield>
  <datafield tag="300" ind1=" " ind2=" ">
    <subfield code="a">[272] p&#xE1;ginas : </subfield>
    <subfield code="b">ilustraciones</subfield>
  </datafield>
  <datafield tag="520" ind1=" " ind2="3">
    <subfield code="a">&#xA1;Crea las condiciones necesarias para el cambio! Un cl&#xE1;sico moderno escrito por uno de los pensadores m&#xE1;s influyentes del mundo de los negocios. Un enfoque innovador para crear un cambio significativo, bien se trate de revolucionar un sector, poner en marcha un movimiento o desarrollar una carrera como profesional independiente. En esta continuaci&#xF3;n de su gran &#xE9;xito de ventas, "Esto es marketing", Godin proporciona el armaz&#xF3;n necesario para crear una estrategia eficaz y elegante y ofrece las piezas fundamentales para que el cambio se haga realidad. Desaf&#xED;a al lector a ver la imagen global -- a priorizar el concepto a largo plazo por encima de los remedios chapuceros y r&#xE1;pidos -- y a tomar decisiones inteligentes y enfocadas a objetivos que den forma a un ma&#xF1;ana mejor. Un libro de lectura obligatoria para cualquiera que busque impulsar un cambio positivo; un grito de guerra para hacer ese trabajo que realmente importa y una gu&#xED;a pr&#xE1;ctica para transformar visiones en realidad. La estrategia transforma nuestros esfuerzos en impacto.Con esa claridad y esa perspicacia tan caracter&#xED;sticas de Godin, este libro inspirar&#xE1; al lector a pensar en grande, a actuar con m&#xE1;s audacia y a marcar la diferencia</subfield>
  </datafield>
  <datafield tag="650" ind1=" " ind2=" ">
    <subfield code="2">lemb</subfield>
    <subfield code="a">Planificaci&#xF3;n</subfield>
  </datafield>
  <datafield tag="650" ind1=" " ind2=" ">
    <subfield code="2">lemb</subfield>
    <subfield code="a">Cambio</subfield>
    <subfield code="9">111122</subfield>
  </datafield>
  <datafield tag="650" ind1=" " ind2=" ">
    <subfield code="2">lemb</subfield>
    <subfield code="a">Negocios</subfield>
  </datafield>
  <datafield tag="700" ind1="1" ind2=" ">
    <subfield code="a">Escario, Carlos </subfield>
    <subfield code="e">prologuista</subfield>
    <subfield code="9">201597</subfield>
  </datafield>
  <datafield tag="700" ind1=" " ind2=" ">
    <subfield code="a">Murillo, Isabel,</subfield>
    <subfield code="e">traductor</subfield>
    <subfield code="9">177594</subfield>
  </datafield>
  <datafield tag="942" ind1=" " ind2=" ">
    <subfield code="2">ddc</subfield>
    <subfield code="c">BK</subfield>
  </datafield>
  <datafield tag="999" ind1=" " ind2=" ">
    <subfield code="c">114291</subfield>
    <subfield code="d">114291</subfield>
  </datafield>
  <datafield tag="952" ind1=" " ind2=" ">
    <subfield code="0">0</subfield>
    <subfield code="1">0</subfield>
    <subfield code="2">ddc</subfield>
    <subfield code="7">0</subfield>
    <subfield code="8">GEN</subfield>
    <subfield code="a">Principal</subfield>
    <subfield code="c">NEW</subfield>
    <subfield code="d">2026-03-23</subfield>
    <subfield code="l">0</subfield>
    <subfield code="o">650.1  G585a</subfield>
    <subfield code="p">260007</subfield>
    <subfield code="r">2026-01-09 12:10:22</subfield>
    <subfield code="t">Ej. 1</subfield>
    <subfield code="w">2026-01-09</subfield>
    <subfield code="y">BK</subfield>
  </datafield>
</record>
